| 000 | 01412nam a2200289 a 4500 | ||
|---|---|---|---|
| 999 |
_c491714 _d491714 |
||
| 003 | BLK | ||
| 005 | 20250707084642.0 | ||
| 008 | 180410b bul|||||r ||||||| ||bul|| | ||
| 020 | _a9789544801342 | ||
| 040 | _aBLK | ||
| 041 |
_aBUL _cBUL |
||
| 080 |
_aТурска литература _b821.512.161 _x-31 _z821.512.161-31 |
||
| 100 |
_aАнар, Ихсан Октай _eпърви автор _91299 |
||
| 139 |
_aАнар, Ихсан Октай _bА 64 |
||
| 245 | 1 | 0 |
_aАтлас на мъглявите континенти _bРоман _cИхсан Октай Анар; прев. от тур. Златина Сакалова. |
| 257 | _aTUR | ||
| 260 |
_aСофия _bЖар - Жанет Аргирова _c2020 _n978-954-491- ; 978-954-480- |
||
| 300 |
_a268 с. _c20 см |
||
| 380 | _aX | ||
| 500 | _aОриг. загл. Puslu kitalar atlasi/ İhsan Oktay Anar. - На кор.: Приключението е благословия за човечеството, защото най-голямото щастие в този свят е да издържиш да си свидетел на този свят. - Бел. под линия. | ||
| 700 | 1 |
_aСакалова-Гергова, Златина Василева _eпрев. от тур. _9118509 |
|
| 852 |
_bП _c821-31/А 64 И |
||
| 856 |
_i0.00 _ldisable |
||
| 942 |
_cKNG _n0 _s1 _01 |
||
| 944 |
_aCR _c2023-05-23 _k30545 _lНора Радева |
||
| 999 | _d491714 | ||